Pratique de l'organisation a l'usage des chefs, des cadres et du personnel des entreprises industrielles eu commerciales /
Guardado en:
| Autor Principal: | |
|---|---|
| Formato: | Libro |
| Idioma: | French |
| Publicado: |
Paris :
Guy Le Prat,
1958.
|
| Etiquetas: |
Agregar Etiqueta
Sin Etiquetas, Sea el primero en etiquetar este registro!
|
| LEADER | 00498nam a22001455a 4500 | ||
|---|---|---|---|
| 001 | EUN.um034758 | ||
| 003 | AR-BaUNS | ||
| 005 | 20050623122908.0 | ||
| 008 | 041125s1958####fr############000#0#fre#d | ||
| 245 | 1 | 0 | |a Pratique de l'organisation a l'usage des chefs, des cadres et du personnel des entreprises industrielles eu commerciales / |c A. Betheuart. |
| 260 | |a Paris : |b Guy Le Prat, |c 1958. | ||
| 300 | |a 270 p. | ||
| 100 | 1 | |a Betheuart, A. | |
| 082 | 0 | 4 | |a 658 |
| 859 | |a Ar-BaUNS |b BIB. CENTRAL - Sector C |h 658 |i B466-1 |p 162/960 | ||
